Ordovician fossils of north China, (Record no. 27083)

MARC details
000 -LEADER
fixed length control field 00863cam a22002411 4500
001 - CONTROL NUMBER
control field gs 34000071
003 - CONTROL NUMBER IDENTIFIER
control field DLC
005 - DATE AND TIME OF LATEST TRANSACTION
control field 20260227111338.0
008 - FIXED-LENGTH DATA ELEMENTS--GENERAL INFORMATION
fixed length control field 810722s1922 cc af f000 0 eng
010 ## - LIBRARY OF CONGRESS CONTROL NUMBER
LC control number gs 34000071
035 ## - SYSTEM CONTROL NUMBER
System control number (OCoLC)7604191
040 ## - CATALOGING SOURCE
Original cataloging agency DLC
Transcribing agency TxU
Modifying agency DLC
042 ## - AUTHENTICATION CODE
Authentication code premarc
050 00 - LIBRARY OF CONGRESS CALL NUMBER
Classification number QE756.C6
Item number A3 ser. B, vol. 1, fasc. 1
100 1# - MAIN ENTRY--PERSONAL NAME
Personal name Grabau, Amadeus W.
Fuller form of name (Amadeus William),
Dates associated with a name 1870-1946.
245 10 - TITLE STATEMENT
Title Ordovician fossils of north China,
Statement of responsibility, etc. by Amadeus W. Grabau, with plates I-IX and 20 text figures.
260 ## - PUBLICATION, DISTRIBUTION, ETC.
Place of publication, distribution, etc. Peking,
Name of publisher, distributor, etc. Published by the Geological Survey of China,
Date of publication, distribution, etc. 1922.
300 ## - PHYSICAL DESCRIPTION
Extent 127 p.
Other physical details illus., IX plates.
Dimensions 31 cm.
410 10 - SERIES STATEMENT/ADDED ENTRY--CORPORATE NAME [OBSOLETE, CAN/MARC], [LOCAL, USA]
Corporate name or jurisdiction name as entry element China.
Subordinate unit Geological Survey.
Title of a work Palæontologia sinica,
Volume number/sequential designation ser. B, vol. 1, fasc. 1
504 ## - BIBLIOGRAPHY, ETC. NOTE
Bibliography, etc. note Bibliography: p. 96-98.
650 #0 - SUBJECT ADDED ENTRY--TOPICAL TERM
Topical term or geographic name entry element Paleontology
Geographic subdivision China.
650 #0 - SUBJECT ADDED ENTRY--TOPICAL TERM
Topical term or geographic name entry element Paleontology
Chronological subdivision Ordovician.

No items available.

Powered by Koha